Japanese multinationals in Asia. Regional operations in comparative perspective

Gespeichert in:
Bibliographische Detailangaben
1. Verfasser: Encarnation, dennis J (VerfasserIn)
Format: Buch
Sprache:Englisch
Veröffentlicht: Nueva York Oxford University Press 1999
Schriftenreihe:Japan Busines and Economics Series
Schlagworte:
Tags: Tag hinzufügen
Keine Tags, Fügen Sie den ersten Tag hinzu!

MARC

LEADER 00000nam a2200000 a 4500
001 UCI1528
003 CL-VaPUC
008 070706e19990000US |||||||||||||||||eng|d
020 |a 0195120655 
082 0 4 |a 338.88  |b ENC  |2 21 
100 0 |a Encarnation, dennis J  |e author  |9 522093 
245 1 0 |a Japanese multinationals in Asia. Regional operations in comparative perspective 
300 |a 292 p 
942 |c BK 
945 |d 20070706 00:00:00  |a rbrito 
260 |a Nueva York  |b Oxford University Press  |c 1999 
650 0 |a Multinacionales  |9 256382 
650 0 |a COOPERACION ECONOMICA  |9 307939 
650 0 |a Economía internacional  |9 258254 
650 0 |a Empresas comerciales  |9 334163 
650 0 |a Inversiones extranjeras  |9 255451 
650 7 |a EMPRESAS MATRICES  |2 CL-VaPUC  |9 522094 
651 0 |a Japón   |9 260391 
583 |a last modification  |c 20070706 00:00:00  |k Rodrigo Vera 
490 0 |a Japan Busines and Economics Series 
999 |c 326331  |d 326329 
952 |0 0  |1 0  |4 0  |6 338_880000000000000_ENC_1999  |7 0  |8 A  |9 408177  |a BIBGIM  |b BIBGIM  |d 2019-11-22  |i 4211928  |o 338.88 ENC 1999  |p 4211928  |r 2025-01-15  |w 2019-11-22  |y BK  |k ORI